Současné a výhledové vodohospodářske problémy Sm kraje : Materiály 20. vodohospodářskeho semináře /

Saved in:
Bibliographic Details
Main Author: Dobeš, Lumír (Author)
Format: Book
Language:Czech
Published: Ostrava : Státní vědecká knihovna, 1979
Series:rz1
Online Access: Get full text
Tags: Add Tag
No Tags, Be the first to tag this record!

MARC

LEADER 00000cam a2200000 4500
003 SK-BrCVT
005 20220618082222.0
008 091016s1979 cs e ||||||cze d
035 |a CVTIDWR025208 
040 |a    |b slo  |c    |d   
041 0 |a cze 
044 |a cs 
100 |a Dobeš, Lumír  |4 aut 
245 1 0 |a Současné a výhledové vodohospodářske problémy Sm kraje :  |b Materiály 20. vodohospodářskeho semináře /  |c Autori: beš ... [et al.3 
260 3 |a Ostrava :  |b Státní vědecká knihovna,  |c 1979 
300 |a 107 s. 
830 |a rz1 
974 |f Knihy 
999 |c 199321  |d 199321